Ghazal Awr Dars-E-Ghazal (Record no. 230)
[ view plain ]
| 000 -LEADER | |
|---|---|
| fixed length control field | 00568nam a2200241 a 4500 |
| 020 ## - INTERNATIONAL STANDARD BOOK NUMBER | |
| ISBN | |
| 082 00 - DEWEY DECIMAL CLASSIFICATION NUMBER | |
| Classification number | 891.41 |
| Author Cutter | AKH |
| 100 ## - MAIN ENTRY--AUTHOR NAME | |
| Author name | Akhtar Ansari, |
| 245 ## - TITLE STATEMENT | |
| Title | Ghazal Awr Dars-E-Ghazal |
| 260 ## - PUBLICATION, DISTRIBUTION, ETC. (IMPRINT) | |
| Place of publication | Aligarh |
| Name of publisher | Anjuman Taraqqi-E-Urdu |
| Year of publication | 1959 |
| 300 ## - PHYSICAL DESCRIPTION | |
| Number of Pages | 125p |
| 500 ## - GENERAL NOTE | |
| General note | includes index and biblioraphy |
| 505 2# - FORMATTED CONTENTS NOTE | |
| Formatted contents note | Index |
| 650 ## - SUBJECT ADDED ENTRY--TOPICAL TERM | |
| Topical Term | Urdu-Poetry |
| 942 ## - ADDED ENTRY ELEMENTS (KOHA) | |
| Koha item type | Books |
| 700 1# - | |
| -- | Akhtar Ansari, |
| Collection code | Home library | Current library | Date acquired | Cost, normal purchase price | Full call number | Accession Number | Koha item type |
|---|---|---|---|---|---|---|---|
| Henry Martyn Institute Library | Henry Martyn Institute Library | 06/18/2007 | 2.00 | 891.41 AKH | 03753 | Books |
